Distributional Consequences of Rural Food Levy and Subsidized Urban Rations
Enregistré dans:
| Auteur principal: | |
|---|---|
| Autres auteurs: | |
| Format: | Livre |
| Langue: | anglais |
| Publié: |
New Haven
Yale University
1988
|
| Édition: | 1. ed. |
| Collection: | Center Paper
No.407 |
| Tags: |
Pas de tags, Soyez le premier à ajouter un tag!
|
MARC
| LEADER | 00000nam a2200000 4500 | ||
|---|---|---|---|
| 001 | c035038 | ||
| 005 | 20221219115701.9 | ||
| 041 | 0 | |a eng | |
| 044 | |a US | ||
| 245 | 1 | 0 | |a Distributional Consequences of Rural Food Levy and Subsidized Urban Rations |c Raaj Kumar Sah, T.N. Srinivasan |
| 250 | |a 1. ed. | ||
| 264 | 1 | |a New Haven |b Yale University |c 1988 | |
| 300 | |a S.142-159 | ||
| 490 | 1 | |a Center Paper |v No.407 | |
| 830 | 0 | |a Center Paper |v No.407 | |
| 100 | 1 | |a Sah, Raaj Kumar | |
| 700 | 1 | |a Srinivasan, T.N. | |